000 00645nam a2200277Ia 4500
005 20260324145300.0
008 008 260324s9999 xx 000 0 eng d
020 _a9781315628813
037 _aEBOOK
040 _aCRL
040 _beng
040 _cCRL
041 _2eng
041 _aeng
084 _qCRL
100 _aStephen Hall; Fred Atkinson
_91222411
245 0 _aOil and the British Economy
260 _bTaylor and Francis
260 _c1983
365 _a
365 _b51.99
856 _uhttp://www.taylorfrancis.com/books/9781315628813
942 _cEBOOK
999 _c1830091
_d1830091